00525cam a2200169ua 45000010005000000080039000050200018000440400009000620410008000710820013000791000031000922450131001232600038002543000010002926530021003027000032003239911161012n ii |||gr||||Z||||||eng a9789384206017 cMAIN aeng a378.5416 aDuarah, Niharika,eEditor. aProceeding volume on higher education in North East India: challenges and prospectscEd. by Niharika Duarah & Rupon Basumatary aSibsagar:bAmguri college,c2015. a152p. aHigher education aBasumatary, Rupon,eEditor.